Cambio político y económico en la América Latina

Պահպանված է:
Մատենագիտական մանրամասներ
Հիմնական հեղինակ: Anderson, Charles W
Ձևաչափ: Տեքստ
Հրապարակվել է: México, D.F.: Fondo de Cultura Económica
Ցուցիչներ: Ավելացրեք ցուցիչ
Չկան պիտակներ, Եղեք առաջինը, ով նշում է այս գրառումը!

MARC

LEADER 00000 a a2200000 04500
001 22464
003
040
090 |a 153500  
100 |a Anderson, Charles W  
245 |a Cambio político y económico en la América Latina  
260 |a México, D.F.:   |b Fondo de Cultura Económica  
300 |a 417 p  
999 |c 13507  |d 13507